000 00364nam a22001697a 4500
003 UA-OsUOA
001 2593
007 ta
008 20050721b un ||||| |||| 00| 0 ukr d
100 _aMcGuire
700 _aEdna
942 _cBK
040 _aUA-OsUOA
_cUA-OsUOA
_dUA-OsUOA
245 _aPuerto Rico bridge to freedom.
_bPolitics
955 _a2
650 7 _2UDC
999 _c288755
_d288755